| 000 | 00607nam a2200205 a 4500 | ||
|---|---|---|---|
| 001 | 2960 | ||
| 005 | 20140414131916.0 | ||
| 008 | 051130s19uu xx 00 eng d | ||
| 020 | _a0-439-72998-X | ||
| 050 |
_aER _bIf1 2004 |
||
| 100 | _aKaiser, Cecily | ||
| 245 |
_aIf you're angry and you know it! / _cby Cecily Kaiser ; illustrated by Cary Pillo. |
||
| 260 |
_aNew York : _bScholastic Reference, _c2004. |
||
| 300 | _a1 v. p. : ill. ; cm. | ||
| 440 | _aScholastic reader, level 2 | ||
| 650 |
_aEmotions _xJuvenile literature. |
||
| 650 | _aChildren stories. | ||
| 999 |
_c111510 _d111510 |
||